| 000 -LEADER |
| fixed length control field |
00938nam a2200253Ia 4500 |
| 020 ## - INTERNATIONAL STANDARD BOOK NUMBER |
| ISBN |
9251049513 |
| 040 ## - CATALOGING SOURCE |
| Transcribing agency |
CUS |
| 082 ## - DEWEY DECIMAL CLASSIFICATION NUMBER |
| Classification number |
363 FOO 2004 A079 Or. |
| 100 1# - MAIN ENTRY--AUTHOR NAME |
| Personal name |
Sumner, J. L. |
| 245 10 - TITLE STATEMENT |
| Title |
Application of risk assessment in the fish industry / |
| 260 ## - PUBLICATION, DISTRIBUTION, ETC. (IMPRINT) |
| Place of publication |
Rome, Italy : |
| Name of publisher |
Food and Agriculture Organization of the United Nations, |
| Year of publication |
2004 |
| 300 ## - PHYSICAL DESCRIPTION |
| Number of Pages |
ix, 78 p. : |
| Other physical details |
ill. ; |
| Dimensions |
30 cm. + |
| Accompanying material |
1 computer optical disk (4 3/4 in.) |
| 490 1# - SERIES STATEMENT |
| Series statement |
FAO fisheries technical paper, |
| 500 ## - GENERAL NOTE |
| General note |
"Developed as a complete "how to" package on risk assessment for seafood technologists, regulators and health professionals"--P. iv |
| 500 ## - GENERAL NOTE |
| General note |
Accompanying CD-ROM has title: Resources bank |
| 650 #0 - SUBJECT ADDED ENTRY--TOPICAL TERM |
| Topical Term |
Seafood industry |
| 650 #0 - SUBJECT ADDED ENTRY--TOPICAL TERM |
| Topical Term |
Fisheries |
| 650 #0 - SUBJECT ADDED ENTRY--TOPICAL TERM |
| Topical Term |
Fishes |
| 650 #0 - SUBJECT ADDED ENTRY--TOPICAL TERM |
| Topical Term |
Risk assessment |
| 700 1# - ADDED ENTRY--PERSONAL NAME |
| Personal name |
Ross, T. |
| 700 1# - ADDED ENTRY--PERSONAL NAME |
| Personal name |
Ababouch, Lahsen |
| 710 2# - ADDED ENTRY--CORPORATE NAME |
| Corporate name or jurisdiction name as entry element |
Food and Agriculture Organization of the United Nations |
| 942 ## - ADDED ENTRY ELEMENTS (KOHA) |
| Koha item type |
សៀវភៅភាសាអង់គ្លេស |
| 952 ## - LOCATION AND ITEM INFORMATION (KOHA) |
| Withdrawn status [LOCAL, KOHA] |
0 |
| 952 ## - LOCATION AND ITEM INFORMATION (KOHA) |
| Withdrawn status [LOCAL, KOHA] |
0 |